000 01168nam a2200289Ia 4500
001 ebr10437076
003 CaPaEBR
006 m u
007 cr cn|||||||||
008 091124s2010 enka s s000 1 eng d
020 _z9781841503738
020 _z1841503738
040 _aCaPaEBR
_cCaPaEBR
035 _a(OCoLC)712996427
050 1 4 _aPN1993.5.A8
_bD57 2010eb
245 0 0 _aDirectory of world cinema.
_nVolume III,
_pAustralia and New Zealand
_h[electronic resource] /
_cEdited by Ben Glodsmith and Geoaff Lealand.
260 _aBrisol, UK ;
_aChicago, USA :
_bIntellect,
_c2010.
300 _a350 p. :
_bill.
533 _aElectronic reproduction.
_bPalo Alto, Calif. :
_cebrary,
_d2013.
_nAvailable via World Wide Web.
_nAccess may be limited to ebrary affiliated libraries.
650 0 _aMotion picture industry
_zAustralia.
650 0 _aMotion picture industry
_zNew Zealand.
655 7 _aElectronic books.
_2local
700 1 _aGoldsmith, Ben.
700 1 _aLealand, Geoffrey.
710 2 _aebrary, Inc.
856 4 0 _uhttp://site.ebrary.com/lib/rucke/Doc?id=10437076
_zAn electronic book accessible through the World Wide Web; click to view
999 _c132693
_d132693